000
00322nam a22001457a 4500
020
_a
81-8423-049-4
082
_a
894.812
_b
VAI/K
100
_a
VAILOPPILLY
245
_a
KAVYALOKA SMARANAKAL
260
_a
THRISSUR
_b
GREEN BOOKS
_c
2008
300
_a
171
505
_a
AUTOBIOGRAPHY
520
_a
AUTOBIOGRAPHY
942
_c
BK
999
_c
5575
_d
5575